[Event "Ostravský koník 2014 - FIDE Open B"]
[Site "Ostrava, CZE"]
[Date "2014.04.30"]
[Round "5"]
[White "Szotkowski, David"]
[Black "Vinklarek, Robert"]
[Result "0-1"]
[WhiteElo "1300"]
[BlackElo "1752"]
[PlyCount "74"]

1. e4 c6 2. d4 d5 3. Nc3 dxe4 4. Nxe4 Bf5 5. Ng5 Bg6 6. h4 h6 7. N1f3 Nd7 8. h5
Bh7 9. Bd3 Bxd3 10. Qxd3 Ngf6 11. Bf4 Nd5 12. Bd2 e6 13. O-O Bd6 14. Ne4 Qc7
15. c4 N5f6 16. Rfe1 Nxe4 17. Qxe4 Nf6 18. Qd3 O-O 19. Rac1 c5 20. Ne5 cxd4 21.
Qxd4 Rad8 22. Qc3 Bxe5 23. Rxe5 Rxd2 24. Rce1 Rfd8 25. g3 Ng4 26. R5e2 Rxe2 27.
Rxe2 Rd1+ 28. Kg2 Qc6+ 29. f3 Nf6 30. b4 Rd8 31. Re5 b6 32. c5 Rd5 33. Rxd5
Nxd5 34. Qd4 Qb5 35. cxb6 axb6 36. Qd2 Qxb4 37. Qc2 Ne3+ 0-1

[Event "Ostravský koník 2014 - FIDE Open B"]
[Site "Ostrava, CZE"]
[Date "2014.04.30"]
[Round "5"]
[White "Skrle, Vladimir"]
[Black "Volcik, Milan"]
[Result "1-0"]
[WhiteElo "1830"]
[BlackElo "1670"]
[PlyCount "73"]

1. e4 e6 2. d3 d5 3. Nd2 c5 4. Ngf3 Nc6 5. g3 e5 6. exd5 Qxd5 7. Bg2 Nf6 8. O-O
Bg4 9. Re1 Be7 10. h3 Bxf3 11. Bxf3 Qd7 12. Bg2 O-O 13. Nc4 e4 14. dxe4 Qe6 15.
Nd2 Rad8 16. c3 Rd7 17. Qe2 Ne5 18. Nb3 b6 19. Bg5 h6 20. Bxf6 Bxf6 21. Red1
Rfd8 22. Rxd7 Qxd7 23. f4 Ng6 24. e5 Be7 25. Kh2 Qa4 26. Be4 Nf8 27. Bc2 Qe8
28. Nd2 Qc6 29. Nf3 Re8 30. Rd1 b5 31. Be4 Qb6 32. Bf5 Qb7 33. Be4 Qb6 34. Bd5
Rd8 35. f5 Re8 36. Qf2 Bd8 37. Re1 1-0

[Event "Ostravský koník 2014 - FIDE Open B"]
[Site "Ostrava, CZE"]
[Date "2014.04.30"]
[Round "5"]
[White "Sikora, Matous"]
[Black "Smrek, Dusan"]
[Result "1/2-1/2"]
[WhiteElo "1661"]
[BlackElo "1815"]
[PlyCount "129"]

1. e4 c5 2. Nf3 d6 3. d4 cxd4 4. Nxd4 Nf6 5. Nc3 a6 6. Be2 e5 7. Nb3 Be7 8. O-O
O-O 9. Be3 Be6 10. Qd2 Nbd7 11. Rfd1 Rc8 12. f3 Qc7 13. Bf1 b5 14. Rac1 Rfe8
15. Qf2 Rb8 16. Nd5 Bxd5 17. exd5 e4 18. c4 b4 19. c5 dxc5 20. Nxc5 Nxc5 21.
Bxc5 Bxc5 22. Qxc5 Qe5 23. fxe4 Ng4 24. g3 Qxb2 25. Rc2 Qa3 26. Rd3 Qa4 27. d6
Ne5 28. Rb3 Nd7 29. Qc6 Qxc6 30. Rxc6 a5 31. Rc7 a4 32. Rb1 Ne5 33. d7 Red8 34.
Bh3 Nf3+ 35. Kf2 Ng5 36. Bg2 Ne6 37. Ra7 Nc5 38. Bh3 Nxe4+ 39. Ke3 Nc3 40. Rc1
g6 41. Rxc3 bxc3 42. Rxa4 Rb7 43. Rc4 f5 44. Rxc3 Rbxd7 45. Rc2 Re7+ 46. Kf2
Rd3 47. Bf1 Rd4 48. h3 Kg7 49. Be2 Ra7 50. Bb5 Rb4 51. a4 Rbxa4 52. Bxa4 Rxa4
53. Rc7+ Kh6 54. Rf7 Ra8 55. h4 Rg8 56. Kf3 Rg7 57. Rf6 Kh5 58. Ra6 Re7 59. Ra5
Re4 60. Ra7 h6 61. Ra5 Rb4 62. Rc5 Rb3+ 63. Kf4 Rb1 64. Kf3 Rb4 65. Ra5 1/2-1/2

[Event "Ostravský koník 2014 - FIDE Open B"]
[Site "Ostrava, CZE"]
[Date "2014.04.30"]
[Round "5"]
[White "Fridrisek, Tomas"]
[Black "Bohanesova, Vendula"]
[Result "0-1"]
[WhiteElo "1473"]
[BlackElo "1652"]
[PlyCount "78"]

1. c4 e6 2. g3 d5 3. Bg2 Nf6 4. cxd5 Nxd5 5. Nc3 Nc6 6. Nf3 Be7 7. O-O O-O 8.
a3 Nxc3 9. bxc3 e5 10. Ne1 f5 11. Bxc6 bxc6 12. d4 Rb8 13. Nf3 e4 14. Ne5 Rb6
15. Qa4 Ra6 16. Qc4+ Qd5 17. a4 Qxc4 18. Nxc4 c5 19. Ba3 Rxa4 20. Bxc5 Rxa1 21.
Rxa1 Bxc5 22. dxc5 a6 23. Ne3 Kf7 24. Nd5 Bb7 25. c4 Rd8 26. Nxc7 Rc8 27. Nxa6
Ra8 28. c6 Bc8 29. Ra2 Rxa6 30. Rxa6 Bxa6 31. c7 Ke7 32. Kg2 Kd7 33. Kh3 Bxc4
34. e3 Kxc7 35. Kh4 h6 36. g4 Kd6 37. gxf5 Ke5 38. Kg4 Be2+ 39. Kg3 Kxf5 0-1

[Event "Ostravský koník 2014 - FIDE Open B"]
[Site "Ostrava, CZE"]
[Date "2014.04.30"]
[Round "5"]
[White "Privoznik, Lubos"]
[Black "Opela, Radek"]
[Result "1-0"]
[WhiteElo "1647"]
[BlackElo "1329"]
[PlyCount "117"]

1. e4 c5 2. Nf3 d6 3. Bb5+ Nc6 4. O-O Nf6 5. Re1 Bd7 6. c3 a6 7. Ba4 b5 8. Bc2
g6 9. d4 Bg7 10. h3 O-O 11. Be3 c4 12. Nbd2 d5 13. e5 Ne8 14. Nh2 f6 15. f4 f5
16. Qf3 Nc7 17. Qg3 b4 18. Ndf3 bxc3 19. bxc3 Nb5 20. Bd2 Rb8 21. Ng5 Na3 22.
Bd1 Rb1 23. Bf3 Rxe1+ 24. Rxe1 e6 25. h4 Bh6 26. Nh3 Ne7 27. h5 Ba4 28. hxg6
Nxg6 29. Bh5 Qh4 30. Qxh4 Nxh4 31. Re3 Kh8 32. Rg3 Rg8 33. Ng5 Bxg5 34. Rxg5
Rxg5 35. fxg5 Bc2 36. Bf7 Be4 37. Bxe6 Bxg2 38. Bxf5 Nxf5 39. Kxg2 Nb1 40. Nf3
Nh4+ 41. Nxh4 Nxd2 42. g6 Ne4 43. e6 hxg6 44. e7 Nf6 45. Nxg6+ Kg7 46. Ne5 Ne8
47. Nc6 Kf7 48. Kf3 Nc7 49. Ke3 Nb5 50. Kd2 Na3 51. e8=Q+ Kxe8 52. Nb4 Kd7 53.
Nxd5 Kd6 54. Ne3 Nb1+ 55. Kc2 Na3+ 56. Kb2 Nb5 57. Nxc4+ Kd5 58. Nd2 a5 59. c4+
1-0

[Event "Ostravský koník 2014 - FIDE Open B"]
[Site "Ostrava, CZE"]
[Date "2014.04.30"]
[Round "5"]
[White "Vantuch, Lucian"]
[Black "Beluska, Tereza"]
[Result "0-1"]
[WhiteElo "1334"]
[BlackElo "1645"]
[PlyCount "60"]

1. e4 e6 2. d4 d5 3. Nc3 Bb4 4. e5 c5 5. a3 Bxc3+ 6. bxc3 Qa5 7. Bd2 Qa4 8. Be3
c4 9. Nf3 Nc6 10. Be2 Bd7 11. O-O O-O-O 12. Nd2 Nge7 13. Bg5 Rdf8 14. Bxe7 Nxe7
15. Qb1 Nc6 16. Qb2 f6 17. f4 h6 18. Nf3 f5 19. Nh4 Be8 20. Nf3 Rfg8 21. Qc1
Qa5 22. Qe3 Qd8 23. a4 g5 24. fxg5 hxg5 25. g3 f4 26. Qf2 fxg3 27. Qxg3 g4 28.
Nd2 Rh3 29. Qg2 Qg5 30. Nb1 g3 0-1

[Event "Ostravský koník 2014 - FIDE Open B"]
[Site "Ostrava, CZE"]
[Date "2014.04.30"]
[Round "5"]
[White "Gemsa, Pavel"]
[Black "Hotarek, Jaroslav"]
[Result "1-0"]
[WhiteElo "1626"]
[BlackElo "1668"]
[PlyCount "39"]

1. e4 c5 2. Nf3 d6 3. d4 cxd4 4. Nxd4 Nc6 5. Be3 Nf6 6. Nc3 a6 7. Be2 g6 8. Qd2
Bg7 9. O-O-O O-O 10. h4 Nxd4 11. Bxd4 Bd7 12. h5 Qa5 13. hxg6 fxg6 14. Bc4+ e6
15. Bxf6 Rxf6 16. Qxd6 Bc8 17. e5 Bf8 18. Qd8 Qxe5 19. Rde1 Qd6 20. Qxf6 1-0

[Event "Ostravský koník 2014 - FIDE Open B"]
[Site "Ostrava, CZE"]
[Date "2014.04.30"]
[Round "5"]
[White "Cech, Jan"]
[Black "Carbol, Otmar"]
[Result "1-0"]
[WhiteElo "1615"]
[BlackElo "1683"]
[PlyCount "41"]

1. e4 d6 2. d4 Nf6 3. Nc3 g6 4. Be3 Bg7 5. f3 O-O 6. Qd2 c6 7. O-O-O b5 8. g4
Qa5 9. Kb1 Na6 10. h4 b4 11. Nce2 Be6 12. Nc1 c5 13. Bh6 Rac8 14. h5 Bxg4 15.
hxg6 c4 16. gxh7+ Nxh7 17. Bxg7 Ng5 18. Qh2 f6 19. Bxf8 Rxf8 20. fxg4 Kf7 21.
Bxc4+ 1-0

[Event "Ostravský koník 2014 - FIDE Open B"]
[Site "Ostrava, CZE"]
[Date "2014.04.30"]
[Round "5"]
[White "Kopcova, Ludmila"]
[Black "Mica, Marek"]
[Result "1/2-1/2"]
[WhiteElo "1598"]
[BlackElo "1369"]
[PlyCount "96"]

1. e4 c5 2. Nf3 d6 3. Bb5+ Bd7 4. Bxd7+ Qxd7 5. O-O Nc6 6. Qe2 Nf6 7. Rd1 Qg4
8. d3 Ne5 9. Nbd2 g6 10. h3 Nxf3+ 11. Nxf3 Qd7 12. c3 Qc6 13. Bf4 Bg7 14. Rac1
O-O 15. Nd2 Qa6 16. a3 Rac8 17. Qe3 b6 18. d4 cxd4 19. cxd4 Rxc1 20. Rxc1 Rc8
21. Nb3 Rc4 22. f3 Qc8 23. Rxc4 Qxc4 24. Qc3 Qxc3 25. bxc3 Nh5 26. Bd2 f5 27.
Kf2 fxe4 28. fxe4 Nf6 29. Kf3 Kf7 30. a4 Nd7 31. Nc1 e5 32. Be3 Ke6 33. d5+ Kf7
34. Nb3 Bf6 35. g3 Bg7 36. Nc1 Bf8 37. Nd3 Nc5 38. Bxc5 bxc5 39. Nb2 Ke7 40.
Nc4 Kd7 41. Na5 Kc7 42. Nc6 Kb6 43. c4 Bh6 44. Kg4 Bd2 45. h4 h5+ 46. Kh3 g5
47. hxg5 Bxg5 48. Kg2 Bf6 1/2-1/2

[Event "Ostravský koník 2014 - FIDE Open B"]
[Site "Ostrava, CZE"]
[Date "2014.04.30"]
[Round "5"]
[White "Soukup, Ondrej"]
[Black "Benes, Jaroslav"]
[Result "1-0"]
[WhiteElo "1250"]
[BlackElo "1586"]
[PlyCount "51"]

1. e4 c5 2. Nf3 e6 3. d4 cxd4 4. Nxd4 Nc6 5. Nc3 Nf6 6. Be3 a6 7. Be2 Qc7 8.
Qd2 Bb4 9. Bd3 Ne5 10. Rd1 Nc4 11. Bxc4 Qxc4 12. f3 O-O 13. a3 Be7 14. Qd3 d5
15. Qxc4 dxc4 16. O-O Bd7 17. f4 Rfd8 18. e5 Nd5 19. Nxd5 exd5 20. f5 Rac8 21.
e6 fxe6 22. fxe6 Be8 23. Nf5 Bf6 24. Bb6 Bxb2 25. Bxd8 Rxd8 26. Ne7+ 1-0

[Event "Ostravský koník 2014 - FIDE Open B"]
[Site "Ostrava, CZE"]
[Date "2014.04.30"]
[Round "5"]
[White "Sramek, Vojtech"]
[Black "Holis, Jaroslav"]
[Result "1/2-1/2"]
[WhiteElo "1580"]
[BlackElo "1621"]
[PlyCount "59"]

1. e4 e5 2. Nf3 Nc6 3. Bc4 Bc5 4. c3 Nf6 5. d4 exd4 6. e5 Ng4 7. cxd4 Bb4+ 8.
Nc3 O-O 9. h3 Nh6 10. Bxh6 gxh6 11. O-O Bxc3 12. bxc3 d6 13. Qd2 dxe5 14. Qxh6
Qd6 15. Qg5+ Qg6 16. Qxg6+ hxg6 17. Nxe5 Nxe5 18. dxe5 Re8 19. Rfe1 Be6 20.
Bxe6 Rxe6 21. Rad1 Rae8 22. Rd7 R6e7 23. Red1 Rxe5 24. Rxc7 Re1+ 25. Rxe1 Rxe1+
26. Kh2 Ra1 27. Rxb7 Rxa2 28. c4 a5 29. Ra7 Rc2 30. Rxa5 1/2-1/2

[Event "Ostravský koník 2014 - FIDE Open B"]
[Site "Ostrava, CZE"]
[Date "2014.04.30"]
[Round "5"]
[White "Krejcok, Tobias"]
[Black "Demko, Robert"]
[Result "1-0"]
[WhiteElo "1314"]
[BlackElo "1562"]
[PlyCount "63"]

1. e4 c5 2. Nf3 d6 3. d4 cxd4 4. Nxd4 Nf6 5. Nc3 a6 6. Be3 e5 7. Nf3 Be6 8. Be2
Be7 9. O-O O-O 10. Qd2 Nbd7 11. Rad1 Rc8 12. a3 Qc7 13. h3 Nc5 14. Bd3 Rfd8 15.
Rfe1 d5 16. exd5 Nxd3 17. cxd3 Nxd5 18. Nxd5 Rxd5 19. Rc1 Qd6 20. Rxc8+ Bxc8
21. Rc1 Be6 22. d4 e4 23. Ne5 Bf6 24. Nc4 Qd8 25. Qb4 b5 26. Ne5 Bxe5 27. dxe5
Rxe5 28. Bd4 a5 29. Qe1 Rf5 30. Qxe4 Qd5 31. Rc8+ Bxc8 32. Qe8# 1-0

[Event "Ostravský koník 2014 - FIDE Open B"]
[Site "Ostrava, CZE"]
[Date "2014.04.30"]
[Round "5"]
[White "Neumann, Filip"]
[Black "Tatarcik, Vladimir"]
[Result "1/2-1/2"]
[WhiteElo "1370"]
[BlackElo "1889"]
[PlyCount "46"]

1. e4 c5 2. c4 e5 3. Nc3 d6 4. Nf3 Nc6 5. d3 h6 6. Be2 Nf6 7. b3 g6 8. Bb2 Bg7
9. Qd2 a6 10. Rd1 Rb8 11. a4 Bg4 12. O-O Bxf3 13. Bxf3 Nd4 14. Qe3 h5 15. Be2
Bh6 16. Qg3 b5 17. Rfe1 bxa4 18. Nxa4 Rxb3 19. Bxd4 cxd4 20. Rb1 Nxe4 21. Qf3
Nd2 22. Qc6+ Ke7 23. Rxb3 Nxb3 1/2-1/2

[Event "Ostravský koník 2014 - FIDE Open B"]
[Site "Ostrava, CZE"]
[Date "2014.04.30"]
[Round "5"]
[White "Prokop, Tomas"]
[Black "Klecka, Ivo"]
[Result "0-1"]
[WhiteElo "1866"]
[BlackElo "1756"]
[PlyCount "104"]

1. Nf3 d5 2. d4 Nf6 3. h3 Bf5 4. e3 e6 5. Bb5+ c6 6. Be2 Bd6 7. Nbd2 O-O 8. O-O
Nbd7 9. c4 b6 10. Nh4 Bg6 11. Nxg6 fxg6 12. f4 Qe7 13. Nf3 c5 14. Ne5 cxd4 15.
exd4 Ne4 16. Bf3 Ndf6 17. Be3 Rac8 18. Rc1 Ng3 19. Re1 Nf5 20. Bf2 dxc4 21.
Rxc4 Rxc4 22. Nxc4 Bxf4 23. d5 Qb4 24. b3 exd5 25. Bxd5+ Nxd5 26. Qxd5+ Kh8 27.
Re4 Bg3 28. Bxg3 Nxg3 29. Nd2 Nxe4 30. Nxe4 Qe1+ 31. Kh2 Re8 32. Ng5 h6 33. Nf3
Qe4 34. Qf7 Rc8 35. a4 g5 36. Qxa7 Qf4+ 37. Kh1 Rc1+ 38. Ng1 Qe3 39. Qb8+ Kh7
40. Qh2 Qxb3 41. Qe5 Qb1 42. Qe3 h5 43. Kh2 Rxg1 44. Qxg1 Qxg1+ 45. Kxg1 Kg6
46. Kf2 Kf5 47. Ke3 Ke5 48. g4 h4 49. Kf3 Kd4 50. Ke2 Ke4 51. Kf2 Kf4 52. Kg2
Ke3 0-1

[Event "Ostravský koník 2014 - FIDE Open B"]
[Site "Ostrava, CZE"]
[Date "2014.04.30"]
[Round "5"]
[White "Lipka, Petr"]
[Black "Szabo, Pavel"]
[Result "1/2-1/2"]
[WhiteElo "1676"]
[BlackElo "1720"]
[PlyCount "51"]

1. e4 c5 2. Nc3 g6 3. f4 Bg7 4. Nf3 d6 5. Bc4 e6 6. O-O Ne7 7. a4 O-O 8. d3 d5
9. Bb3 c4 10. dxc4 Qb6+ 11. Kh1 Bxc3 12. bxc3 dxe4 13. Ng5 Rd8 14. Qe1 h6 15.
Nxe4 Nbc6 16. Qh4 Nf5 17. Qh3 h5 18. g4 hxg4 19. Nf6+ Kg7 20. Nxg4 Rh8 21. Qg2
Bd7 22. Ba3 Qc7 23. Rad1 Nd8 24. Rxd7 Qxd7 25. Ne5 Qc7 26. Rg1 1/2-1/2

[Event "Ostravský koník 2014 - FIDE Open B"]
[Site "Ostrava, CZE"]
[Date "2014.04.30"]
[Round "5"]
[White "Kubelka, Jaroslav"]
[Black "Koci, Tomas"]
[Result "0-1"]
[WhiteElo "1550"]
[BlackElo "1710"]
[PlyCount "102"]

1. d4 d5 2. c4 e5 3. dxe5 d4 4. Bd2 Nc6 5. Nf3 Nge7 6. g3 Ng6 7. Bg2 Bg4 8. Bg5
Be7 9. Bxe7 Qxe7 10. O-O Bxf3 11. exf3 Qc5 12. Nd2 Ngxe5 13. b3 O-O-O 14. f4
Ng6 15. Ne4 Qf5 16. Ng5 Qd7 17. Bd5 Rde8 18. Qf3 h6 19. Bxc6 Qxc6 20. Qxc6 bxc6
21. Rad1 hxg5 22. Rxd4 gxf4 23. gxf4 Rh4 24. Rfd1 Reh8 25. Rd7 Rxh2 26. R1d4
Rh1+ 27. Kg2 Nxf4+ 28. Kf3 Ne6 29. Rd2 R1h3+ 30. Ke2 Nf4+ 31. Kd1 Rh1+ 32. Kc2
Ne6 33. Rxf7 Rd8 34. Re7 Nd4+ 35. Kb2 Nf5 36. Rxd8+ Kxd8 37. Re5 Nd6 38. Rg5
Ne8 39. Ka3 Rh2 40. f4 Rf2 41. Ra5 Rxf4 42. Rxa7 g5 43. Ra5 g4 44. Rg5 Nf6 45.
Kb4 Kc8 46. a4 Ne4 47. Rg6 g3 48. a5 Rf5 49. a6 Rg5 50. Rxc6 g2 51. a7 Kb7 0-1

[Event "Ostravský koník 2014 - FIDE Open B"]
[Site "Ostrava, CZE"]
[Date "2014.04.30"]
[Round "5"]
[White "Sandor, Stefan"]
[Black "Mikesch, Dalibor"]
[Result "1-0"]
[WhiteElo "1653"]
[BlackElo "1293"]
[PlyCount "113"]

1. e4 c5 2. d4 cxd4 3. Qxd4 Nc6 4. Qd3 Nf6 5. Nf3 e6 6. Nc3 Bb4 7. Bd2 O-O 8.
O-O-O d5 9. exd5 Nxd5 10. Nxd5 exd5 11. Bxb4 Nxb4 12. Qb3 Qb6 13. a3 Nc6 14.
Qxb6 axb6 15. Rxd5 Re8 16. h3 Be6 17. Rd2 Nb4 18. Bb5 Rf8 19. Nd4 Nd5 20. Nxe6
fxe6 21. g3 Ra5 22. Bc4 Rc5 23. Bb3 Ra5 24. Rhd1 Rd8 25. c4 Rc8 26. Kb1 Nf6 27.
Rd8+ Rxd8 28. Rxd8+ Kf7 29. Bc2 h6 30. Rd6 Rc5 31. Rxb6 Rxc4 32. Rxb7+ Kg8 33.
Bg6 Rc8 34. Bf7+ Kh7 35. Bxe6 Rc5 36. g4 h5 37. f3 Re5 38. Bf5+ Kh6 39. Rb3
Re1+ 40. Ka2 Rh1 41. gxh5 Nxh5 42. a4 Nf4 43. Rb4 Nd5 44. Rb3 Rc1 45. a5 Nc7
46. Rb6+ Rc6 47. Rxc6+ Kg5 48. Rxc7 Kxf5 49. a6 Kf4 50. a7 Kxf3 51. a8=Q+ Kg3
52. Rxg7+ Kf4 53. Qe8 Kf3 54. Rf7+ Kg3 55. Qg8+ Kh2 56. Rf2+ Kh1 57. Qg2# 1-0

[Event "Ostravský koník 2014 - FIDE Open B"]
[Site "Ostrava, CZE"]
[Date "2014.04.30"]
[Round "5"]
[White "Kubelova, Sona"]
[Black "Koki, Jan"]
[Result "1-0"]
[WhiteElo "1639"]
[BlackElo "1595"]
[PlyCount "67"]

1. d4 c6 2. Bg5 h6 3. Bh4 d5 4. e3 Bf5 5. c4 Qa5+ 6. Nd2 e6 7. a3 Be7 8. b4 Qd8
9. Bg3 Bd6 10. f4 Nf6 11. Ngf3 Nbd7 12. Be2 Ng4 13. Qb3 O-O 14. Nh4 Bh7 15.
Bxg4 Be7 16. Nhf3 Nf6 17. Ne5 Ne4 18. Nxe4 Bxe4 19. O-O Bh4 20. Bxh4 Qxh4 21.
Bf3 dxc4 22. Qxc4 Bd5 23. Qc3 Bxf3 24. Rxf3 Qd8 25. Raf1 a5 26. f5 exf5 27.
Rxf5 f6 28. Ng6 Rf7 29. e4 Kh7 30. Nh4 g5 31. Nf3 axb4 32. Qxb4 b5 33. Ne5 Ra4
34. Nxf7 1-0

[Event "Ostravský koník 2014 - FIDE Open B"]
[Site "Ostrava, CZE"]
[Date "2014.04.30"]
[Round "5"]
[White "Frank, Adam"]
[Black "Filip, Tomas"]
[Result "0-1"]
[WhiteElo "1417"]
[BlackElo "1595"]
[PlyCount "80"]

1. e4 c5 2. Nf3 d6 3. d4 cxd4 4. Nxd4 Nf6 5. Nc3 a6 6. Be3 e5 7. Nb3 Be6 8. Be2
Be7 9. Qd2 O-O 10. O-O Qc7 11. Rad1 Nbd7 12. f3 b5 13. Nd5 Bxd5 14. exd5 Nb6
15. Bxb6 Qxb6+ 16. Kh1 a5 17. Qd3 Rab8 18. Qc3 a4 19. Nc1 Rfc8 20. Qd3 Rc5 21.
Qd2 Rxd5 22. Bd3 b4 23. Ne2 Rc5 24. Ng3 g6 25. f4 b3 26. axb3 axb3 27. c3 Ra5
28. Ra1 Ra2 29. f5 Ng4 30. Rfe1 Nf6 31. fxg6 fxg6 32. Qh6 Ng4 33. Qd2 Kg7 34.
Bc4 Rf8 35. h3 Nf2+ 36. Kh2 Bh4 37. Bd5 e4 38. Bxb3 d5 39. Bxa2 Bxg3+ 40. Kxg3
Qd6+ 0-1

[Event "Ostravský koník 2014 - FIDE Open B"]
[Site "Ostrava, CZE"]
[Date "2014.04.30"]
[Round "5"]
[White "Gemsova, Tereza"]
[Black "Laurincova, Kristyna"]
[Result "0-1"]
[WhiteElo "1272"]
[BlackElo "1584"]
[PlyCount "102"]

1. e4 c5 2. Nf3 d6 3. d4 cxd4 4. Nxd4 Nf6 5. Nc3 g6 6. Be3 Bg7 7. Bd3 O-O 8.
O-O Nbd7 9. h3 Nc5 10. Qd2 Bd7 11. Bh6 Qc8 12. Bxg7 Kxg7 13. Qe3 a6 14. f4 Na4
15. Nxa4 Bxa4 16. b3 Bd7 17. f5 Qc5 18. c4 Bc6 19. Rad1 Rad8 20. Rfe1 Qa5 21.
Nxc6 bxc6 22. Re2 Nd7 23. Qg5 Qc5+ 24. Kh1 Qe5 25. Qe3 Nf6 26. Rde1 Nh5 27. Rc2
c5 28. Be2 Ng3+ 29. Kg1 Nxf5 30. Qc3 Nd4 31. Rcc1 Kg8 32. Bd3 Qg5 33. Be2 Qf4
34. Bd3 Qg5 35. Be2 Ne6 36. Bg4 Nf4 37. Qe3 Ne6 38. Bxe6 Qxe3+ 39. Rxe3 fxe6
40. Rf3 Kg7 41. Rb1 a5 42. a3 Rb8 43. Re3 Rfc8 44. Re2 Rc7 45. Reb2 Rcb7 46.
Re2 Rxb3 47. Ra1 Rb1+ 48. Re1 Rxe1+ 49. Rxe1 Rb3 50. Ra1 Re3 51. Ra2 Rxe4 0-1

[Event "Ostravský koník 2014 - FIDE Open B"]
[Site "Ostrava, CZE"]
[Date "2014.04.30"]
[Round "5"]
[White "Lipus, Drahomir"]
[Black "Vyvial, Patrik"]
[Result "0-1"]
[WhiteElo "1568"]
[BlackElo "1323"]
[PlyCount "83"]

1. d4 Nf6 2. c4 e6 3. Nf3 d5 4. Nc3 Be7 5. e3 O-O 6. Bd3 b6 7. O-O Bb7 8. Qe2
Nbd7 9. Rd1 c5 10. a3 Rc8 11. Ne5 Nxe5 12. dxe5 Nd7 13. Bc2 Nxe5 14. Bxh7+ Kxh7
15. Qh5+ Kg8 16. Qxe5 Bf6 17. Qg3 Bxc3 18. bxc3 Qf6 19. e4 dxc4 20. Bg5 Qg6 21.
f3 f6 22. Bh4 Qxg3 23. Bxg3 Rfd8 24. Bd6 e5 25. Rd2 Bc6 26. Raa2 Kf7 27. f4 Ke6
28. f5+ Kf7 29. a4 Bxe4 30. g4 Rc6 31. Bxe5 Rxd2 32. Rxd2 fxe5 33. Re2 Bf3 34.
Rxe5 Bxg4 35. Kf2 Rf6 36. Kg3 Bxf5 37. a5 Bd3 38. Rd5 Ke7 39. Re5+ Re6 40. Rg5
Rg6 41. h4 Rxg5+ 42. hxg5 0-1

[Event "Ostravský koník 2014 - FIDE Open B"]
[Site "Ostrava, CZE"]
[Date "2014.04.30"]
[Round "5"]
[White "Stefanik, Petr"]
[Black "Knettig, Vojtech"]
[Result "1-0"]
[WhiteElo "1456"]
[BlackElo "1000"]
[PlyCount "59"]

1. e4 e5 2. Nf3 Nc6 3. Bc4 Nf6 4. Ng5 d5 5. exd5 Nxd5 6. Nxf7 Kxf7 7. Qf3+ Ke8
8. Bxd5 Qe7 9. Bxc6+ bxc6 10. Qxc6+ Bd7 11. Qxa8+ Bc8 12. Qxc8+ Qd8 13. Qxd8+
Kxd8 14. O-O Bd6 15. d3 Ke7 16. Nc3 Ke6 17. Ne4 Kd5 18. Be3 c5 19. Nxd6 Kxd6
20. f4 Rf8 21. fxe5+ Kxe5 22. Bxc5 Ke6 23. Rxf8 Ke5 24. Bxa7 Kd5 25. c4+ Kc6
26. b4 Kb7 27. Rf7+ Kc6 28. Re1 Kd6 29. d4 Kc6 30. Re6# 1-0

[Event "Ostravský koník 2014 - FIDE Open B"]
[Site "Ostrava, CZE"]
[Date "2014.04.30"]
[Round "5"]
[White "Machura, Jaroslav"]
[Black "Nguyen, Thai Dai Vinh"]
[Result "0-1"]
[WhiteElo "1000"]
[BlackElo "1451"]
[PlyCount "42"]

1. e4 c5 2. Nf3 d6 3. Nc3 Nc6 4. Bc4 Nf6 5. Ng5 e6 6. d3 Be7 7. Be3 d5 8. exd5
exd5 9. Bb3 h6 10. Nxf7 Kxf7 11. Nxd5 Na5 12. Nxf6+ Nxb3 13. axb3 Bxf6 14. Qh5+
g6 15. Qxc5 Bxb2 16. Rxa7 Rxa7 17. Qxa7 Qd5 18. O-O Bd7 19. f3 Re8 20. Rd1 Rxe3
21. c4 Bd4 0-1

[Event "Ostravský koník 2014 - FIDE Open B"]
[Site "Ostrava, CZE"]
[Date "2014.04.30"]
[Round "5"]
[White "Mikulencakova, Jana"]
[Black "Palanek, Rene"]
[Result "1-0"]
[WhiteElo "1595"]
[BlackElo "1090"]
[PlyCount "91"]

1. e4 e5 2. Nf3 Nc6 3. Bc4 Nf6 4. d3 Be7 5. O-O O-O 6. Nc3 d6 7. h3 Be6 8. Nd5
Bxd5 9. Bxd5 Nxd5 10. exd5 Nb8 11. Be3 Nd7 12. c4 c6 13. dxc6 bxc6 14. Qe2 Nf6
15. Bg5 d5 16. Nxe5 Bd6 17. Ng4 Be7 18. Rae1 Re8 19. Qf3 Nxg4 20. Bxe7 Rxe7 21.
Qxg4 Rxe1 22. Rxe1 dxc4 23. Qxc4 Qd6 24. Re4 c5 25. d4 cxd4 26. Rxd4 Qe5 27. g3
Re8 28. Rf4 h6 29. Qxf7+ Kh7 30. Qf5+ Qxf5 31. Rxf5 Re2 32. Rf7 Rxb2 33. Rxa7
Kg6 34. a4 Ra2 35. Kg2 Ra3 36. Ra5 Kf6 37. g4 g5 38. Ra6+ Kg7 39. Ra7+ Kg8 40.
a5 Kf8 41. a6 Kg8 42. Ra8+ Kf7 43. a7 Ke7 44. Rh8 Kf7 45. a8=Q Rxa8 46. Rxa8
1-0

[Event "Ostravský koník 2014 - FIDE Open B"]
[Site "Ostrava, CZE"]
[Date "2014.04.30"]
[Round "5"]
[White "Simon, David"]
[Black "Bubik, Antonin"]
[Result "1-0"]
[WhiteElo "1250"]
[BlackElo "1000"]
[PlyCount "81"]

1. c4 Nf6 2. g3 d5 3. cxd5 Nxd5 4. Bg2 Be6 5. d3 c6 6. e4 Nc7 7. Ne2 g6 8. Nbc3
Nd7 9. d4 Bg7 10. h3 a5 11. d5 Bxc3+ 12. Nxc3 cxd5 13. exd5 Ra6 14. dxe6 Rxe6+
15. Be3 Rd6 16. Qa4 O-O 17. O-O b6 18. Nb5 Nxb5 19. Qxb5 Qc7 20. Rac1 Qb8 21.
Bf4 e5 22. Bxe5 Nxe5 23. Qxe5 Rfd8 24. a4 Qa7 25. Bf3 Rd3 26. Be2 Rd2 27. Rfd1
Qd7 28. Qc3 Rd6 29. Rd3 Qxh3 30. Rxd6 Rxd6 31. Qc7 Rf6 32. Qd8+ Kg7 33. Qd4 Qf5
34. Bg4 Qg5 35. Rc6 h5 36. f4 Qxg4 37. Qxf6+ Kh7 38. Qxf7+ Kh8 39. Qf6+ Kg8 40.
Qd8+ Kh7 41. Rc7+ 1-0

[Event "Ostravský koník 2014 - FIDE Open B"]
[Site "Ostrava, CZE"]
[Date "2014.04.30"]
[Round "5"]
[White "Fizerova, Lucie"]
[Black "Gerekova, Eliska"]
[Result "0-1"]
[WhiteElo "1160"]
[BlackElo "1233"]
[PlyCount "78"]

1. e4 c5 2. Nf3 Nc6 3. d4 cxd4 4. Nxd4 Nf6 5. Nc3 e5 6. Nf5 g6 7. Ng3 Bg7 8. f3
O-O 9. Be3 d6 10. Qd2 Be6 11. Bh6 Qb6 12. O-O-O Qa5 13. a3 Nb4 14. Kb1 Nc6 15.
h4 d5 16. h5 d4 17. Bxg7 dxc3 18. Qxc3 Qxc3 19. bxc3 Kxg7 20. hxg6 fxg6 21. Be2
Rad8 22. Rdf1 Rd2 23. Rh2 Rfd8 24. Bd3 Na5 25. Ka1 Nb3+ 26. Kb2 R8xd3 27. Kb1
Rxc3 28. cxb3 Bxb3 29. Re1 Ba2+ 30. Ka1 Rxa3 31. Rhh1 Bc4+ 32. Kb1 Bd3+ 33. Kc1
Raa2 34. Ne2 Bxe2 35. Kb1 Bd3+ 36. Kc1 Rf2 37. Re2 Rfxe2 38. Kd1 Reb2 39. Kc1
Rb1# 0-1

[Event "Ostravský koník 2014 - FIDE Open B"]
[Site "Ostrava, CZE"]
[Date "2014.04.30"]
[Round "5"]
[White "Szuscikova, Natalie"]
[Black "Frank, Martin"]
[Result "1-0"]
[WhiteElo "1223"]
[BlackElo "1100"]
[PlyCount "80"]

1. e4 e5 2. Nf3 Nc6 3. Bc4 Bc5 4. Nc3 Nf6 5. d3 d6 6. Bg5 h6 7. Bh4 Qd7 8. h3
Na5 9. Bb5 c6 10. Ba4 Qe6 11. Qd2 b6 12. Ne2 b5 13. b4 bxa4 14. bxc5 Nb7 15.
cxd6 Nxd6 16. O-O O-O 17. Rab1 Rd8 18. Qa5 Bd7 19. Nxe5 c5 20. Nxd7 Rxd7 21.
Qxc5 Nb7 22. Qb5 a3 23. Bxf6 gxf6 24. Nf4 Qd6 25. Rfe1 a6 26. Qf5 Qc5 27. Qxd7
Nd6 28. Qg4+ Kf8 29. Nh5 Qg5 30. Qf3 Re8 31. Nxf6 Kg7 32. Nxe8+ Nxe8 33. Rb7
Nd6 34. Rb6 Ne8 35. e5 Nc7 36. Rb7 Qe7 37. e6 f6 38. Qg3+ Kh7 39. Rxc7 Qxc7 40.
Qxc7+ Kg6 1-0

[Event "Ostravský koník 2014 - FIDE Open B"]
[Site "Ostrava, CZE"]
[Date "2014.05.01"]
[Round "6"]
[White "Dvorak, Vladimir"]
[Black "Reznicek, Marcel"]
[Result "1/2-1/2"]
[WhiteElo "2046"]
[BlackElo "2074"]
[PlyCount "47"]

1. e4 c5 2. Nc3 g6 3. f4 Bg7 4. Nf3 Nc6 5. Bb5 Nd4 6. O-O a6 7. Bd3 d6 8. Nxd4
cxd4 9. Ne2 Qc7 10. Qe1 e5 11. b3 Ne7 12. a4 Bd7 13. Ba3 Bc6 14. fxe5 dxe5 15.
Qh4 f6 16. Rac1 Rd8 17. g4 h6 18. Qg3 b5 19. axb5 axb5 20. c3 Qa7 21. Bxe7
dxc3+ 22. Kg2 Kxe7 23. Rxc3 Qa8 24. Kg1 1/2-1/2

[Event "Ostravský koník 2014 - FIDE Open B"]
[Site "Ostrava, CZE"]
[Date "2014.05.01"]
[Round "6"]
[White "Radecki, Petr"]
[Black "Milat, Patrik"]
[Result "0-1"]
[WhiteElo "2013"]
[BlackElo "2006"]
[PlyCount "56"]

1. d4 Nf6 2. c4 c5 3. d5 b5 4. cxb5 a6 5. Nc3 axb5 6. e4 b4 7. Nb5 d6 8. Bf4
Nbd7 9. Nf3 Nh5 10. Bg5 Qb6 11. Nd2 g6 12. Nc4 Qb8 13. g4 Nhf6 14. e5 dxe5 15.
d6 Qxb5 16. dxe7 Qc6 17. exf8=Q+ Kxf8 18. Bh6+ Ke7 19. Rg1 Rd8 20. Bg2 e4 21.
Qe2 Bb7 22. b3 Nb6 23. Nxb6 Qxb6 24. Bg5 Qe6 25. f4 exf3 26. Bxf6+ Kxf6 27.
Bxf3 Bxf3 28. Rf1 Qxe2# 0-1